| 000 | 00658nam a2200301Ia 4500 | ||
|---|---|---|---|
| 005 | 20260401122404.0 | ||
| 008 | 008 250103s9999 xx 000 0 eng d | ||
| 020 | _a051107395X | ||
| 037 | _aTB | ||
| 040 | _aEDL | ||
| 040 | _beng | ||
| 040 | _cEDL | ||
| 041 | _2eng | ||
| 041 | _aeng | ||
| 084 | _a820.9 CRA | ||
| 084 | _qEDL | ||
| 100 | _aCraciun, Adriana | ||
| 245 | 0 | _aFatal Women of Romanticism | |
| 245 | 0 | _cCraciun, Adriana | |
| 260 | _aCambridge | ||
| 260 | _bCambridge University Press | ||
| 260 | _c2003 | ||
| 300 | _a290p | ||
| 942 | _cTB | ||
| 942 | _h820.9 CRA | ||
| 999 |
_c1846954 _d1846954 |
||